| 000 | 00569cam a22001811 4500 | ||
|---|---|---|---|
| 082 |
_a612.9 _bBLO _cL-24, P-11 |
||
| 100 | 1 |
_aBloom, Raymond R. _942018 |
|
| 245 | 0 | 0 |
_aPrinciples of tool engineering, _cby Raymond R. Bloom ... |
| 250 | _a1st ed. | ||
| 260 |
_aNew York, _aLondon, _bMcGraw-Hill Book Company, inc. _c[1946] |
||
| 300 |
_axi, 234 p. _billus., diagrs. _c23 cm. |
||
| 526 |
_a0 _b0 _c0 _d612_900000000000000_BLO |
||
| 650 | 0 |
_aGages. _942019 |
|
| 650 | 0 |
_aJigs and fixtures. _942020 |
|
| 650 | 0 |
_aMachine-tools. _925078 |
|
| 650 | 0 |
_aMCE _9379 |
|
| 942 |
_2ddc _cBK |
||
| 999 |
_c546022 _d546022 |
||